000 00644nam a2200229 a 4500
008
020 _a0861889126 (pbk. )
049 _aMAIN
090 _aREFRM723.R43
100 1 _aNorman, Laura
245 1 0 _aThe reflexology handbook :
_ba complete guide /
_cLaura Norman and Thomas Cowan.
260 _aLondon :
_bPiatkus,
_c1988
300 _a338p. :
_bill. ;
_c24 cm.
500 _aIncludes index.
650 _aReflexology
700 _aCowan,Thomas
907 _a.b10144675
_b09-02-12
_c03-01-05
003
005 20230120203833.0
040 _cNUST
942 _cBOOKS
_kREFRM723.R43
999 _c112370
_d112370